Social Psychology /

Đã lưu trong:
書目詳細資料
主要作者: Myers, David G.
格式: Sách giấy
語言:English
出版: New York : McGraw-Hill, 1987
標簽: 添加標簽
沒有標簽, 成為第一個標記此記錄!
Thư viện lưu trữ: Thư viện Trường Đại học Đà Lạt
LEADER 00544nam a2200241 4500
001 DLU020000777
005 ##1/4/1999
020 # # |a 0-07-044275-4 
041 # # |a eng 
082 # # |a 302  |b MY-D 
100 # # |a Myers, David G. 
245 # # |a Social Psychology /  |c David G. Myers  
260 # # |a New York :  |b McGraw-Hill,  |c 1987 
300 # # |a X, 702 tr.;  |c 24 cm. 
992 # # |a 15000 
994 # # |a DLU 
900 # # |a False 
911 # # |a Administrator 
925 # # |a G 
926 # # |a A 
927 # # |a SH 
980 # # |a Thư viện Trường Đại học Đà Lạt